The rule of law at home and abroad (Record no. 4561)

MARC details
000 -LEADER
fixed length control field 00668nam a2200229 4500
003 - CONTROL NUMBER IDENTIFIER
control field LK-CoMWRAF
005 - DATE AND TIME OF LATEST TRANSACTION
control field 20240113142254.0
008 - FIXED-LENGTH DATA ELEMENTS--GENERAL INFORMATION
fixed length control field 231225b2002 |||||||| |||| 00| 0 eng d
020 ## - INTERNATIONAL STANDARD BOOK NUMBER
International Standard Book Number 918521437X
040 ## - CATALOGING SOURCE
Original cataloging agency LK-CoMWRAF
Modifying agency LK-CoMWRAF
Description conventions LK-CoMWRAF
041 ## - LANGUAGE CODE
Language code of text/sound track or separate title English
082 ## - DEWEY DECIMAL CLASSIFICATION NUMBER
Classification number 305.8
Item number BRA
942 ## - ADDED ENTRY ELEMENTS (KOHA)
Koha item type Books
100 ## - MAIN ENTRY--PERSONAL NAME
Personal name Brahimi, Lakdhar
245 ## - TITLE STATEMENT
Title The rule of law at home and abroad
260 ## - PUBLICATION, DISTRIBUTION, ETC. (IMPRINT)
Place of publication, distribution, etc. Uppsala:
Name of publisher, distributor, etc. Dag Hammarskjöld Foundation,
Date of publication, distribution, etc. 2002
300 ## - PHYSICAL DESCRIPTION
Extent 36 p.
500 ## - GENERAL NOTE
General note A photo copy
856 ## - ELECTRONIC LOCATION AND ACCESS
Uniform Resource Identifier <a href="https://www.daghammarskjold.se/wp-content/uploads/2014/08/Lakhdar.pdf">https://www.daghammarskjold.se/wp-content/uploads/2014/08/Lakhdar.pdf</a>
505 ## - FORMATTED CONTENTS NOTE
Formatted contents note The 2002 Dag Hammarskjöld Lecture
650 ## - SUBJECT ADDED ENTRY--TOPICAL TERM
Topical term or geographic name as entry element ETHNIC CONFLICT
Holdings
Withdrawn status Lost status Damaged status Not for loan Permanent Location Current Location Date acquired Full call number Barcode Koha item type
        Resource center, Muslim Women's Research And Action Forum Resource center, Muslim Women's Research And Action Forum 2023-12-25 305.8 BRA RAF4621 Books

Copyright © 2023 Muslim Women's Research and Action Forum (MWRAF), No 27/3, Anderson Road, Kalubowila, Dehiwela. Funded by The Asia Fundation